Protective coatings for metals /
Guardado en:
| Autor Principal: | |
|---|---|
| Otros Autores: | |
| Formato: | Libro |
| Idioma: | English |
| Publicado: |
New York :
Reinhold, Pub. Corp.,
c1967.
|
| Edición: | 3d ed. |
| Series: | Monograph series (American Chemical Society) ;
no. 163. |
| Materias: | |
| Etiquetas: |
Agregar Etiqueta
Sin Etiquetas, Sea el primero en etiquetar este registro!
|
| LEADER | 00976cam a22002655a 4500 | ||
|---|---|---|---|
| 001 | EIQ.libpla001074 | ||
| 008 | 740610s1967####nyuao####b####001#0#eng#d | ||
| 005 | 20060724110502.0 | ||
| 245 | 1 | 0 | |a Protective coatings for metals / |c [by] R. M. Burns [and] W. W. Bradley. |
| 250 | |a 3d ed. | ||
| 260 | |a New York : |b Reinhold, Pub. Corp., |c c1967. | ||
| 300 | |a xii, 735 p. : |b il., fotos ; |c 24 cm. | ||
| 490 | 1 | |a American Chemical Society. Monograph series ; |v no. 163 | |
| 504 | |a Incluye referencias bibliográficas e índices. | ||
| 100 | 1 | |a Burns, Robert Martin, |d 1890- | |
| 700 | 1 | |a Bradley, William Whitney, |d 1922- | |
| 830 | 0 | |a Monograph series (American Chemical Society) ; |v no. 163. | |
| 082 | 0 | 0 | |a 671.7/3 |
| 650 | 4 | |a Metales |x Capas protectoras. | |
| 650 | 4 | |a Corrosión |x Recubrimiento. | |
| 650 | 4 | |a Corrosion |x Covering. | |
| 650 | 4 | |a Metals. |x Protective coatings. | |
| 010 | |a 67020826 | ||
| 040 | |a DLC |c DLC |d AR-BbSID | ||
| 859 | |a AR-BbSID |b BIB. PLAPIQUI |h 620.1 |i B 93 |p 698 | ||
